Statistics for Top 10 Crystal Palace PL scorers

Click here to take the quiz!

General Stats

  • This quiz has been taken 43 times
  • The average score is 4 of 10

Answer Stats

HintAnswer% Correct
12Zaha
100%
14Benteke
79%
21Johnson
55%
9Bolasie
39%
15Puncheon
39%
9Cabaye
33%
15Gayle
27%
9Mcarthur
24%
23Armstrong
21%
11Dann
21%

Score Distribution

Percentile by Number Answered

Percent of People with Each Score

Your Score History

You have not taken this quiz